Carlomagno (Registro nro. 309940)

Detalles MARC
000 -ENCABEZADO
Número de control [NR] 01838nam a2200289Ia 4500
005 - FECHA Y HORA DE LA ÚLTIMA TRANSACCIÓN
control field 20180626082355.0
008 - DE LONGITUD FIJA DE DATOS DE ELEMENTOS - INFORMACIÓN GENERAL
Elementos de longitud fija [NR] 130821s1936 sp a fr 1 bspa
040 ## - FUENTE DE CATALOGACION [NR]
Agencia de catalogación original [NR] Co-BoUCM
Idioma de catalogación [NR] spa
Quien Cataloga Sandra Yazo
Quien Clasifica Sandra Yazo
041 00 - CODIGO DE IDIOMA [R]
Código de idioma para texto/pista de sonido o título separado [R] Español
082 04 - NUMERO DE CLASIFICACION DECIMAL DEWEY [R]
Número de clasificación [R] 923.14
Número de la edición [NR] 20
092 ## - SIGNATURA TOPOGRAFICA LOCAL
Número de clasificación local E46N047
100 1# - ASIENTO PRINCIPAL--NOMBRE PERSONAL [NR]
Nombre personal [NR] Baeza, José
ID Autoridad 92563
245 10 - MENCION DE TITULO [NR]
Título [NR] Carlomagno
Parte restante del título [NR] Su vida y empresa gloriosa
Mención de responsabilidad, etc. [NR] por José Baeza ; con ilustraciones de Arturo de la Portilla
250 ## - MENCION DE EDICION [NR]
Mención de edición [NR] Tercera edición
260 ## - PUBLICACION, DISTRIBUCION, ETC. (PIE DE IMPRENTA) [R]
Lugar de publicación, distribución, etc. [R] Barcelona (España)
Nombre del editor, distribuidor, etc. [R] Araluce ; Talleres Gráficos Avante
Fecha de publicación, distribución, etc. [R] 1932
300 ## - DESCRIPCION FISICA [R]
Extensión [R] viii, 149 paginas
Otros detalles físicos [NR] ilustraciones
Dimensiones [R] 16 x 10 cm.
490 #4 - MENCION DE SERIE [R]
Mención de serie [R] Los grandes hechos de los grandes hombres
500 ## - NOTA GENERAL [R]
Nota general [NR] Detalles físicos: Encuadernación rígida en cartón forrado en tela texturizada. Lomo y tapa delantera con datos de publicación y adornos en dorado, tapa delantera con una ilustración a color. Guardas decoradas. Anteportada. Portada impresa en una sola tinta, enmarcada en orla decorativa y marca tipográfica de la Editorial. Texto impreso en una sola columna. Mayúsculas capitales. Ilustraciones de página entera y a color fuera del texto. Índices. Conserva cinta para señalar la lectura. Cortes decorados
505 0# - NOTA DE CONTENIDO CON FORMATO PREESTABLECIDO [R]
Nota de contenido con formato preestablecido [NR] Prólogo ; Complot ; Bipino el Cínico ; La dama misteriosa ; El ardid de Juan ; Los hijos del rey ; Carlomagno viene a España ; Traición sarracena ; La tragedia de Roncesvalles ; Dolor de Carlomagno, Reaparece Gisla ; El poeta loco ; Los hombres fieras ; Últimas guerras y últimos días del Emperador
506 ## - NOTA DE RESTRICCIONES DE ACCESO [R]
Condiciones de acceso [NR] Consulta en sala
600 14 - ASIENTO SECUNDARIO DE MATERIA - NOMBRE PERSONAL [R]
Nombre personal [NR] Carlomagno, Emperado
9 (RLIN) 1285
Subdivisión general [R] Biografías
650 #7 - ASIENTO SECUNDARIO DE MATERIA - TERMINO TEMATICO [R]
Término temático o nombre geográfico como elemento de entrada [NR] Reyes y soberanos
9 (RLIN) 23780
Subdivisión general [R] Biografías
650 #7 - ASIENTO SECUNDARIO DE MATERIA - TERMINO TEMATICO [R]
Término temático o nombre geográfico como elemento de entrada [NR] Libros y lectura para niños
9 (RLIN) 18524
690 ## - ASUNTO AGREGADO LOCAL DE ENTRADA - TÉRMINO TEMÁTICO (OCLC, RLIN)
Acceso temático local Biografías
9 (RLIN) 7343
700 1# - ASIENTO SECUNDARIO - NOMBRE PERSONAL [R]
Nombre personal [NR] Portilla, Arturo de la
9 (RLIN) 92568
942 ## - ELEMENTOS DE ENTRADA AGREGADOS (KOHA)
Tipo de ítem principal el descrito en 300a Libro
Edición 3
Sistema de clasificación LOCAL
Clasificación E46N047
Existencias
Suprimido Perdido Sistema de clasificación Dañado No prestable Tipo de ítem específico Ubicación habitual Ubicación actual Localización Fecha de creación Forma de adquisición Costo Total préstamos Signatura topográfica Código de barras Última vez visto Ejemplar Price effective from Tipo de ítem
    LOCAL     Libro archivo Archivo Histórico Archivo Histórico Archivo histórico 22/05/2018 Donación 0.00   E46N047 L006600 22/05/2018 Ej.1 22/05/2018 Libro